Mesopotamian Cities Map Quiz - Statistics

General Stats
  • This quiz has been taken 171 times
  • The average score is 4 of 26
Answers on the Map
Answers color-coded by a green-red scale on the quiz's map according to % correct below.
 
Answer Stats
Answer % Correct
Babylon
49%
Ur
35%
Aššur
33%
Nineveh
28%
Uruk
23%
Mari
22%
Eridu
20%
Lagash
20%
Borsippa
16%
Kish
16%
Arbela
15%
Ctesiphon
15%
Dura-Europos
15%
Harran
15%
Nimrud
15%
Dur-Sharrukin
13%
Carchemish
12%
Hatra
12%
Isin
12%
Nippur
12%
Larsa
10%
Umma
10%
Dur-Kurigalzu
8%
Girsu
8%
Tell Brak
8%
Urkesh
7%
No matching quizzes found
Score Distribution
Percent of People with Each Score
Percentile by Number Answered
Your Score History
You have not taken this quiz